Wszystkie państwa z kontynentu: Oceania - Statystyki

Ogólne statystyki
  • Ten quiz został rozwiązany 542 razy
  • Średni wynik to 11 z 14
Statystyki odpowiedzi
Państwo % Poprawnych
Australia
98%
Nowa Zelandia
94%
Fidżi
87%
Wyspy Marshalla
87%
Wyspy Salomona
85%
Mikronezja
82%
Vanuatu
82%
Papua-Nowa Gwinea
81%
Nauru
78%
Tuvalu
77%
Kiribati
75%
Palau
75%
Samoa
75%
Tonga
71%
Nie znaleziono quizów pasujących do podanych kryteriów
Rozkład punktacji
Procent ludzi z każdym wynikiem
Percentyl według liczby udzielonych odpowiedzi
Twoja historia wyników
Nie rozwiązałeś tego quizu